000
00317nam a22001337a 4500
008
181207b xxu||||| |||| 00| 0 eng d
020
_a
0471036072
041
_a
eng
080
_2
5 TH
_a
510
100
_a
38
101
_a
MAT
245
_a
Elementary Algebra For College Students
_c
Drooyan.V
942
_2
udc
_c
BK
999
_c
53010
_d
53010